000 00314nam a22001337a 4500
008 170719b xxu||||| |||| 00| 0 eng d
020 _a9780310539216
041 _aeng
080 _a2
100 _a24
101 _aTEO
245 _aARMAGEDDON, OIL AND THE MIDDLE EAST CHRISIS
_cWALVOORD, J.F
942 _2udc
_cBK
999 _c21515
_d21515